00774nam a2200229Ii 45000010005000000030009000050080041000140200013000550400033000680410008001010820014001091000025001232450015001482640081001633000012002443360026002563370028002823380027003109400050003379990017003879520140004046391CO-ViMGA241108s9999||||xx |||||||||||||| ||und|| a9589073X aCO-ViMGAbspaerdacCO-ViMGA0 aunk04aC863-E77a1 aJaime Espinel94824910aAlba Negra 1a[Lugar de publicación no identificado] : Biblioteca Pública Piloto, 1991 avolumen atextbtxt2rdacontent aunmediatedbn2rdamedia avolumebnc2rdacarrier aidficha_siabuc: 6243. -- ficha_no_siabuc:6391 c52645d52645 001040708001aMEVIGERRbMEVIGERRcGENd2006-11-27hVol.1oC863-E77apECA5786r2024-11-26 10:09:21tEj.1w2024-11-26yBKz6243 | 8738